El mundo helenístico
Uloženo v:
| Hlavní autor: | |
|---|---|
| Médium: | Kniha |
| Jazyk: | španělština |
| Vydáno: |
Madrid
Síntesis
1993
|
| Edice: | Historia Universal Antigua, 9
|
| Témata: | |
| Tagy: |
Přidat tag
Žádné tagy, Buďte první, kdo vytvoří štítek k tomuto záznamu!
|
MARC
| LEADER | 00000nam a2200000 a 4500 | ||
|---|---|---|---|
| 001 | UCM0523 | ||
| 003 | CL-VaPUC | ||
| 008 | 020301e19930000SP |||||||||||||||||spa|d | ||
| 082 | 0 | 4 | |a 938 |b LOZ |2 21 |
| 100 | |a Lozano Velilla, Arminda |e autora |9 467383 | ||
| 245 | 1 | 3 | |a El mundo helenístico |
| 300 | |a 213 p | ||
| 942 | |c BK | ||
| 945 | |d 20020301 00:00:00 |a cmena | ||
| 260 | |a Madrid |b Síntesis |c 1993 | ||
| 600 | 0 | |a Magno, Alejandro |9 318232 | |
| 650 | 7 | |a HISTORIA GRIEGA |2 CL-VaPUC |9 314116 | |
| 650 | 0 | |a Civilizaciones antiguas |9 265998 | |
| 650 | 7 | |a POLITICA GRIEGA |2 CL-VaPUC |9 467384 | |
| 650 | 0 | |a Imperialismo |9 258264 | |
| 650 | 0 | |a Desarrollo económico y social |9 256320 | |
| 651 | 0 | |a Grecia |9 265314 | |
| 583 | |a last modification |c 20020301 00:00:00 |k Rodrigo Vera | ||
| 490 | 0 | |a Historia Universal Antigua, 9 | |
| 999 | |c 299427 |d 299425 | ||
| 952 | |0 0 |1 0 |4 0 |6 938_000000000000000_LOZ_1993 |7 0 |8 A |9 355960 |a BIBHIS |b BIBHIS |d 2019-11-21 |i 3794245 |l 1 |m 2 |o 938 LOZ 1993 |p 3794245 |r 2025-01-20 |s 2024-03-18 |w 2019-11-21 |y BK |k HIS | ||